000 00315nam a22001337a 4500
008 260427b |||||||| |||| 00| 0 eng d
020 _a978-9364446570
082 _a002022
100 _aSingh,Ramesh
245 _aIndian Economy Courseware
260 _aChennai
_bMcGraw Hill
_c2026
300 _a591p
942 _2ddc
999 _c1336
_d1336